000 00444nam a2200145Ia 4500
008 210716s1990 xx 000 0 und d
041 _aeng
082 _a005.363 GEAC
100 _aGear, C William.
245 _aIntroduction to computers structured programming and aaplications: programming in pascal.
_bProgramming in pascal.
250 _a1
260 _aNew Delhi
_bGalgotia Publications Pvt Ltd
_c1990
300 _a248
650 _aNone
999 _c181715
_d181715